| 000 | 00364nam a2200157Ia 4500 | ||
|---|---|---|---|
| 008 | 230917s9999||||xx |||||||||||||| ||und|| | ||
| 020 | _cRS40 | ||
| 040 |
_e22950 _aMAIN |
||
| 041 | _aEnglish | ||
| 082 | _a301.426 S84A | ||
| 100 | _aSatya Prakash | ||
| 245 | 0 | _aAdministring family planning | |
| 260 |
_aRohtak _bRachna _c1979 |
||
| 300 | _a128 p. | ||
| 942 | _cBK | ||
| 999 |
_c71652 _d71652 |
||